| 000 | 00460nam a2200193Ia 4500 | ||
|---|---|---|---|
| 005 | 20240823045423.0 | ||
| 008 | 240823s9999||||xx |||||||||||||| ||und|| | ||
| 020 | _a81-7853-005-8 | ||
| 041 | _aENGLISH | ||
| 082 | _A005.133 P5 | ||
| 100 | _aDavid J Kruglinski et al. | ||
| 245 | 0 | _aProgramming Microsoft Visual C++ | |
| 250 | _a5th | ||
| 260 |
_c2005 _bWP Publi |
||
| 500 | _aYES | ||
| 650 |
_aC++ _bComputer Science |
||
| 942 | _cBK | ||
| 999 |
_c214919 _d214919 |
||